|
|
|
|
| LEADER |
01214nam a2200253 a 4500 |
| 001 |
31735 |
| 003 |
BD-DhAAL |
| 005 |
20170601132106.0 |
| 008 |
170531s2017 bg ||||| |||| 00| 0 ben d |
| 999 |
|
|
|c 38152
|d 38152
|
| 020 |
|
|
|a 9789849139669
|
| 040 |
|
|
|a BD-DhAAL
|c BD-DhAAL
|
| 082 |
0 |
4 |
|a 891.44371
|2 23
|
| 100 |
1 |
|
|a মজুমদার, সমরেশ
|9 21676
|
| 245 |
1 |
0 |
|a কালপুরুষ /
|c সমরেশ মজুমদার
|
| 260 |
|
|
|b আনন্দ পাবলিশার্স ,
|a ঢাকা :
|c ২০১৭
|
| 300 |
|
|
|a ৪৮৮ পৃষ্ঠা ;
|c ২২ সে. মি.
|
| 526 |
|
|
|a AAL
|
| 541 |
|
|
|e 31735, 31736
|
| 650 |
|
|
|a Bengali fiction
|9 21677
|
| 852 |
|
|
|a Ayesha Abed Library
|c General Stacks
|
| 942 |
|
|
|2 ddc
|c BK
|
| 952 |
|
|
|0 0
|1 0
|2 ddc
|4 0
|6 891_443710000000000_MAJ
|7 0
|9 60765
|a BRACUL
|b BRACUL
|c GEN
|d 2017-05-22
|e Development Book Agency
|g 600.00
|l 23
|m 275
|o 891.44371 MAJ
|p 3010031735
|q 2026-06-02
|r 2026-05-17
|s 2026-05-17
|t 1
|v 600.00
|w 2017-05-22
|y BK
|
| 952 |
|
|
|0 0
|1 4
|2 ddc
|4 0
|6 891_443710000000000_MAJ
|7 0
|9 60766
|a BRACUL
|b BRACUL
|c GEN
|d 2017-05-22
|e Development Book Agency
|g 600.00
|l 5
|m 38
|o 891.44371 MAJ
|p 3010031736
|r 2018-05-16
|s 2018-05-08
|t 2
|v 600.00
|w 2017-05-22
|y BK
|x Koha Inventory 2020
|